Obálka Náhled e-knihy:
PDF Epub
Pro půjčování e-knih musíte být přihlášeni.
Jak si půjčit online?

Eroticonus /

Padající hvězdy prý mají moc plnit přání. Ale co když dopadnou a promění Váš život v noční můru? Sci-fi příběh o hrdince, která se díky své zvědavosti dostane do jiného světa. Jejím hlavním cílem je najít cestu zpět. Není to jednoduché, neboť planeta, na které se ocitá, je umělou přírodní rezervací...

Celý popis

Uloženo v:
Hlavní autor: K., Stela (Autor)
Médium: E-kniha
Jazyk:Czech
Vydáno: Praha : E-knihy jedou, 2018
Tagy:
Žádné tagy
LEADER 01370nam a22002297i 4500
001 310890
007 ta
008 260601s2018 xr ||||| |||| 00| 0 cze d
020 |a 9990001780777 
044 |a xr 
100 1 |a  K., Stela  |4 aut 
245 1 0 |a Eroticonus /  |c  K., Stela 
264 1 |a Praha :  |b E-knihy jedou,  |c 2018 
300 |a 1 online zdroj (104 stran) 
336 |a text  |b txt  |2 rdacontent 
337 |a bez média  |b n  |2 rdamedia 
338 |a online zdroj  |b cr  |2 rdacarrier 
520 2 |a Padající hvězdy prý mají moc plnit přání. Ale co když dopadnou a promění Váš život v noční můru? Sci-fi příběh o hrdince, která se díky své zvědavosti dostane do jiného světa. Jejím hlavním cílem je najít cestu zpět. Není to jednoduché, neboť planeta, na které se ocitá, je umělou přírodní rezervací vytvořenou vyššími bytostmi za účelem studia mezidruhové interakce a vzájemného křížení. 
910 |a RBIT002 
998 |d 178077  |a https://core.palmknihy.cz/api/books/178077/cover?p78qdf  |b https://core.palmknihy.cz/api/books/178077/cover/400?p78qdf  |c https://core.palmknihy.cz/api/books/178077/cover/50?p78qdf  |e   |g 104  |i 9990001780777  |j https://core.palmknihy.cz/api/books/178077/preview.epub  |k https://core.palmknihy.cz/api/books/178077/preview.pdf  |l   |q 49  |r 1  |s https://www.palmknihy.cz/kniha/178077  |t ebook  |y 2018  |z 1 
999 |d 310888